中央特快の停車駅だけ選ぶ -サドンデス- - Statistics

General Stats
  • This quiz has been taken 539 times
    538 since last reset
  • The average score is 11 of 14
Answers on the Grid
Answers color-coded by a green-red scale on the quiz's grid according to % correct below.
東京
神田
御茶ノ水
水道橋
飯田橋
市ケ谷
四ツ谷
信濃町
千駄ケ谷
代々木
新宿
大久保
東中野
中野
高円寺
阿佐ケ谷
荻窪
西荻窪
吉祥寺
三鷹
武蔵境
東小金井
武蔵小金井
国分寺
西国分寺
国立
立川
日野
豊田
八王子
西八王子
高尾
 
Answer Stats
Answer % Correct
東京
99%
新宿
92%
御茶ノ水
88%
神田
86%
八王子
83%
立川
82%
四ツ谷
81%
高尾
80%
三鷹
79%
中野
76%
国分寺
73%
豊田
65%
西八王子
65%
日野
63%
No matching quizzes found
Score Distribution
Percent of People with Each Score
Percentile by Number Answered
Your Score History
You have not taken this quiz since the last reset